Normal view
MARC view
Entry Personal Name
001 - CONTROL NUMBER
- control field: 31294
003 - CONTROL NUMBER IDENTIFIER
- control field: OSt
005 - DATE AND TIME OF LATEST TRANSACTION
- control field: 20211105135429.0
008 - FIXED-LENGTH DATA ELEMENTS
- fixed length control field: 211105|| aca||aabn | a|a d
040 ## - CATALOGING SOURCE
- Original cataloging agency: OSt
- Transcribing agency: OSt
100 ## - HEADING--PERSONAL NAME
- Personal name: Feigelson, E. D., ed
670 ## - SOURCE DATA FOUND
- Source citation: Work cat.: (OSt): Conference on Statistical Challenges in Modern Astronomy USA 2006 June 12-15 31291, Statistical challenges in modern astronomy IV, 2007